[Event "CAN-ch U12"]
[Site "Windsor"]
[Date "2010.07.08"]
[Round "6"]
[White "Wapioke, Couradge"]
[Black "Maynard Drewery, Justin"]
[Result "0-1"]
[WhiteElo "532"]
[BlackElo "809"]
[PlyCount "42"]
[EventDate "2010.07.06"]
[EventType "swiss"]
[EventRounds "7"]
[EventCountry "CAN"]
[SourceTitle "EXT 2012"]
[Source "ChessBase"]
[SourceDate "2011.11.24"]
[SourceVersion "1"]
[SourceVersionDate "2011.11.24"]
[SourceQuality "1"]

1. Nh3 d6 2. Rg1 Bd7 3. e4 Qc8 4. Be2 Bxh3 5. Nc3 Bd7 6. Nd5 Ba4 7. Bh5 g6 8. Nf4 gxh5 9. Nxh5 Bd7 10. Nf4 Nh6 11. g4 Rg8 12. d3 Bxg4 13. Qxg4 Rxg4 14. Rxg4 Qxg4 15. Ne2 Qg2 16. Bxh6 Bxh6 17. Rd1 Qxh2 18. a4 Bg7 19. c3 Nd7 20. Rc1 Qh1+ 21. Kd2 Qg2 0-1